[Event "ChessOrg Schachfestival 2024 Bad Wörishofen"]
[White "Li, Di"]
[Black "Senthil, Maran K"]
[Site "Bad Woerishofen"]
[Round "5.1"]
[Annotator "wempe"]
[Result "1-0"]
[Date "2024.03.12"]
[WhiteElo "2567"]
[BlackElo "2301"]
[PlyCount "93"]
[GameId "2118797391465037"]
[EventDate "2024.03.08"]

{[%evp 0,87,19,29,23,17,70,25,32,32,11,13,7,5,1,4,3,15,13,-3,4,14,6,22,54,4,32,40,55,51,59,59,55,52,102,98,86,32,64,50,140,158,158,74,160,114,114,91,100,131,131,131,122,122,141,122,127,149,160,153,174,174,185,174,199,217,208,169,278,194,244,222,183,196,161,191,173,159,253,259,275,268,318,361,351,250,261,255,343,416]} 1. Nf3 d5 2. d4 c6 3. c4 Nf6 4. e3 Bf5 5. Nc3 e6 6. Be2 Nbd7 7. Nh4 Be4 8. f3 Bg6 9. Qb3 Qc7 10. cxd5 exd5 11. Bd2 Bd6 12. O-O-O O-O 13. Nxg6 hxg6 14. e4 dxe4 15. fxe4 Bf4 16. e5 Bxd2+ 17. Rxd2 Nd5 18. Ne4 Rad8 19. Rf1 Nxe5 20. dxe5 Qxe5 21. Qf3 f5 22. Nc3 Ne3 23. Rxd8 Rxd8 24. Re1 Qd4 25. Kb1 Qd2 26. Rc1 Rd4 27. Nd1 Rb4 28. b3 Re4 29. Nxe3 Rxe3 30. Bc4+ Kh7 31. Rd1 Qc3 32. Qf2 Re4 33. Bd3 Rb4 34. Bc2 a5 35. h4 Qf6 36. g3 a4 37. a3 Rb5 38. b4 Qc3 39. Rd3 Qc4 40. Qf4 Qe6 41. Re3 Qd7 42. Re5 Rxe5 43. Qxe5 b5 44. h5 Qd2 45. hxg6+ Kh8 46. Kb2 Qf2 47. Qf4 1-0

[Event "ChessOrg Schachfestival 2024 Bad Wörishofen"]
[White "Bharath, Subramaniyam H"]
[Black "Muthaiah, AL."]
[Site "Bad Woerishofen"]
[Round "5.2"]
[Annotator "wempe"]
[Result "1-0"]
[Date "2024.03.12"]
[WhiteElo "2530"]
[BlackElo "2454"]
[PlyCount "51"]
[GameId "2118797391465038"]
[EventDate "2024.03.08"]

1. d4 d5 2. Nf3 Nf6 3. c4 dxc4 4. e3 a6 5. Bxc4 e6 6. O-O c5 7. Nbd2 cxd4 8. Nxd4 Bd7 9. b3 Nc6 10. Bb2 Be7 11. Rc1 O-O 12. Be2 Nxd4 13. Bxd4 Ba3 14. Rc2 Rc8 15. Nc4 Bc5 16. Bxf6 gxf6 17. Rd2 Rc7 18. Bd3 Bb4 19. Bxh7+ Kxh7 20. Qh5+ Kg7 21. Qg4+ Kh7 22. Qh4+ Kg6 23. Qg3+ Kh5 24. Rd4 f5 25. Ne5 Rh8 26. Nxf7 1-0

[Event "ChessOrg Schachfestival 2024 Bad Wörishofen"]
[White "Zhao, Yuanhe"]
[Black "Xiang, Zeyu"]
[Site "Bad Woerishofen"]
[Round "5.3"]
[Annotator "wempe"]
[Result "1/2-1/2"]
[Date "2024.03.12"]
[WhiteElo "2461"]
[BlackElo "2418"]
[PlyCount "61"]
[GameId "2118797391465039"]
[EventDate "2024.03.08"]

{[%evp 0,61,19,31,19,-16,28,26,26,25,38,29,26,10,7,5,5,3,5,16,2,10,15,15,-1,-1,0,3,0,-1,4,-17,-17,-10,-3,-3,3,-1,-5,2,-4,-13,-8,-8,0,0,-6,-1,0,0,-5,-3,0,-1,4,0,0,-4,0,0,0,0,3,0]} 1. d4 d5 2. c4 c6 3. cxd5 cxd5 4. Nc3 Nf6 5. Nf3 Nc6 6. Bf4 Bf5 7. e3 e6 8. Bd3 Bxd3 9. Qxd3 Bd6 10. Bxd6 Qxd6 11. O-O O-O 12. Rfc1 Rfc8 13. h3 h6 14. Ne2 Ne7 15. Rxc8+ Rxc8 16. Rc1 Rxc1+ 17. Nxc1 Nd7 18. Ne2 a6 19. Qc3 Qc6 20. Nd2 Qxc3 21. Nxc3 Kf8 22. Kf1 Nc6 23. Ke2 Ke7 24. a3 Kd6 25. h4 h5 26. g3 g6 27. Kd3 Nf6 28. Ke2 Nd7 29. Kd3 Nf6 30. Ke2 Nd7 31. Kd3 1/2-1/2

[Event "ChessOrg Schachfestival 2024 Bad Wörishofen"]
[White "Harikrishnan.A.Ra"]
[Black "Kovchan, Alexander"]
[Site "Bad Woerishofen"]
[Round "5.4"]
[Annotator "wempe"]
[Result "1/2-1/2"]
[Date "2024.03.12"]
[WhiteElo "2448"]
[BlackElo "2477"]
[PlyCount "33"]
[GameId "2118797391465040"]
[EventDate "2024.03.08"]

1. Nf3 Nf6 2. g3 g6 3. b3 Bg7 4. Bb2 c5 5. c4 d6 6. Bg2 e5 7. d3 O-O 8. O-O Nc6 9. a3 a5 10. Nc3 Rb8 11. Ne1 Bd7 12. Nc2 Nd4 13. b4 axb4 14. axb4 b5 15. Nxb5 Nxb5 16. cxb5 Rxb5 17. Bc3 1/2-1/2

[Event "ChessOrg Schachfestival 2024 Bad Wörishofen"]
[White "Gutman, Lev"]
[Black "A R, Ilamparthi"]
[Site "Bad Woerishofen"]
[Round "5.6"]
[Annotator "wempe"]
[Result "0-1"]
[Date "2024.03.12"]
[WhiteElo "2303"]
[BlackElo "2426"]
[PlyCount "52"]
[GameId "2118797391465042"]
[EventDate "2024.03.08"]

{[%evp 0,52,36,29,20,-9,2,-10,-7,9,29,30,34,27,45,14,34,11,41,36,29,20,67,20,32,3,13,21,17,11,21,7,21,-21,-8,-66,-63,-68,-33,-51,-41,-34,-109,-145,-130,-145,-154,-156,-156,-166,-166,-173,-172,-175,-162]} 1. Nf3 d5 2. g3 Nc6 3. d4 Bf5 4. Bg2 Nb4 5. Na3 e6 6. O-O Be7 7. c3 Nc6 8. Nc2 h6 9. Ne5 Nxe5 10. dxe5 c6 11. c4 Bc5 12. Ne3 Bg6 13. b4 Bb6 14. c5 Bc7 15. f4 Ne7 16. g4 h5 17. h3 hxg4 18. hxg4 Ng8 19. Qe1 f6 20. Bb2 fxe5 21. Bxe5 Bxe5 22. fxe5 Qg5 23. Qg3 Nh6 24. b5 Nf7 25. bxc6 bxc6 26. Nc4 O-O 0-1

[Event "ChessOrg Schachfestival 2024 Bad Wörishofen"]
[White "Milov, Leonid"]
[Black "Krzywda, Andrzej"]
[Site "Bad Woerishofen"]
[Round "5.8"]
[Annotator "wempe"]
[Result "1-0"]
[Date "2024.03.12"]
[WhiteElo "2415"]
[BlackElo "2237"]
[PlyCount "55"]
[GameId "2118797391465044"]
[EventDate "2024.03.08"]

1. f4 d5 2. Nf3 Bg4 3. e3 Nd7 4. Be2 Ngf6 5. O-O Bxf3 6. Bxf3 e5 7. d4 e4 8. Be2 Bd6 9. b3 Qe7 10. c4 c6 11. Bb2 O-O 12. Nc3 a6 13. c5 Bc7 14. b4 g5 15. fxg5 Ne8 16. Bg4 Ng7 17. Ne2 f5 18. gxf6 Nxf6 19. Nf4 Kh8 20. Bh3 Ng8 21. Qg4 Rf7 22. Nh5 Raf8 23. Rxf7 Qxf7 24. Nxg7 Qxg7 25. Qe2 Nh6 26. Kh1 Rf7 27. Rf1 Qg5 28. Rxf7 1-0

[Event "ChessOrg Schachfestival 2024 Bad Wörishofen"]
[White "Hanisch, Sebastian"]
[Black "Akash, G.."]
[Site "Bad Woerishofen"]
[Round "5.9"]
[Annotator "wempe"]
[Result "0-1"]
[Date "2024.03.12"]
[WhiteElo "2069"]
[BlackElo "2411"]
[PlyCount "74"]
[GameId "2118797391465045"]
[EventDate "2024.03.08"]

{[%evp 0,74,29,26,29,29,58,29,41,-3,-15,-10,2,20,2,-3,-10,-7,-11,-22,-10,-19,-20,-18,-17,-25,-24,-26,-1,-19,-14,-26,-5,-89,-20,-1,-18,-15,-19,-24,-38,-72,-63,-81,-73,-99,-104,-97,-59,-93,-79,-157,-124,-119,-82,-165,-121,-121,-85,-109,-107,-105,-113,-109,-95,-101,-100,-89,-86,-91,-108,-108,-108,-101,-8,-482,-477]} 1. d4 Nf6 2. Nf3 c5 3. e3 d5 4. b3 cxd4 5. exd4 Bf5 6. Bd3 Bxd3 7. Qxd3 Nc6 8. O-O e6 9. Bb2 Be7 10. a3 O-O 11. Nbd2 Rc8 12. Ne5 Qc7 13. Rac1 a6 14. Rfe1 b5 15. Re3 Rfd8 16. Rh3 g6 17. Qe3 Bf8 18. Ndf3 Nxe5 19. Nxe5 Ne4 20. g4 f6 21. Nd3 Bd6 22. f4 Qe7 23. b4 Re8 24. Rf3 Rc4 25. Qe2 a5 26. c3 Qc7 27. Qe1 Qd7 28. h3 Rc7 29. Rc2 axb4 30. axb4 Qc6 31. Nc5 f5 32. Bc1 Ra7 33. Qe2 Bf8 34. Qd3 Rea8 35. Bb2 Rf7 36. g5 e5 37. Bc1 Nxc5 0-1

[Event "ChessOrg Schachfestival 2024 Bad Wörishofen"]
[White "GB, Harshavardhan"]
[Black "Boswell, Jacob"]
[Site "Bad Woerishofen"]
[Round "5.10"]
[Annotator "wempe"]
[Result "1-0"]
[Date "2024.03.12"]
[WhiteElo "2392"]
[BlackElo "2254"]
[PlyCount "45"]
[GameId "2118797391465046"]
[EventDate "2024.03.08"]

1. e4 c5 2. Nf3 d6 3. d4 cxd4 4. Nxd4 Nf6 5. Nc3 Nc6 6. Bg5 e6 7. Qd3 a6 8. Nxc6 bxc6 9. O-O-O Be7 10. Bxf6 gxf6 11. Qg3 Kf8 12. Bc4 Qb6 13. Bb3 d5 14. f4 d4 15. Na4 Qa7 16. c3 c5 17. cxd4 cxd4 18. Qf2 Bb7 19. Qxd4 Rc8+ 20. Nc3 Bc5 21. Qxf6 Rg8 22. Rd7 Be3+ 23. Kd1 1-0

[Event "ChessOrg Schachfestival 2024 Bad Wörishofen"]
[White "Bharath, Subramaniyam H"]
[Black "Li, Di"]
[Site "Bad Woerishofen"]
[Round "6.1"]
[Annotator "wempe"]
[Result "1/2-1/2"]
[Date "2024.03.13"]
[WhiteElo "2530"]
[BlackElo "2567"]
[PlyCount "140"]
[GameId "2118797391465047"]
[EventDate "2024.03.08"]

1. d4 Nf6 2. c4 e6 3. Nf3 d5 4. Nc3 c5 5. cxd5 cxd4 6. Qxd4 exd5 7. Bg5 Be7 8. e3 O-O 9. Bb5 h6 10. Bh4 a6 11. Ba4 Nc6 12. Bxc6 bxc6 13. O-O Be6 14. Qd3 c5 15. Rac1 Qd7 16. Rfd1 Rfd8 17. b3 Qb7 18. Na4 g5 19. Bg3 Ne4 20. Be5 Rac8 21. Nd2 Qb5 22. Nxe4 Qxd3 23. Rxd3 dxe4 24. Rxd8+ Rxd8 25. Kf1 Rd5 26. Bb2 c4 27. Rxc4 Rd1+ 28. Ke2 Rg1 29. Rxe4 Rxg2 30. Be5 h5 31. Nc3 a5 32. Rd4 f6 33. Bc7 Bg4+ 34. Kf1 Bh3 35. Ke2 Bg4+ 36. Kf1 Bh3 37. Nd5 Kf7 38. Ke2 Bg4+ 39. Kf1 Bh3 40. Nxe7 Kxe7 41. Ke1 Rg1+ 42. Ke2 Bg4+ 43. Kd3 Rg2 44. Bg3 Bh3 45. e4 h4 46. Bd6+ Ke6 47. Ke3 Rg1 48. Bc7 Re1+ 49. Kd2 Rf1 50. Ke2 Rc1 51. Bxa5 Bg2 52. a4 g4 53. Ke3 Bf3 54. b4 Rc3+ 55. Kd2 Ra3 56. b5 f5 57. exf5+ Kxf5 58. Kc1 Ke5 59. Rb4 Ra2 60. Bb6 Kd6 61. Rd4+ Ke5 62. Rb4 {135 Zuege} Kd6 63. Kb1 Rd2 64. Be3 Re2 65. Rd4+ Ke5 66. Rd8 Be4+ 67. Ka1 Bd5 68. Re8+ Kf5 69. Kb1 g3 70. hxg3 hxg3 1/2-1/2

[Event "ChessOrg Schachfestival 2024 Bad Wörishofen"]
[White "Kunin, Vitaly"]
[Black "Xiang, Zeyu"]
[Site "Bad Woerishofen"]
[Round "6.2"]
[Annotator "wempe"]
[Result "1/2-1/2"]
[Date "2024.03.13"]
[WhiteElo "2521"]
[BlackElo "2418"]
[PlyCount "110"]
[GameId "2118797391465048"]
[EventDate "2024.03.08"]

1. d4 d5 2. c4 e6 3. Nf3 Nf6 4. Nc3 Be7 5. Qc2 O-O 6. Bg5 h6 7. Bxf6 Bxf6 8. O-O-O c5 9. dxc5 Qa5 10. cxd5 Na6 11. e4 Nb4 12. Qb3 exd5 13. a3 Bxc3 14. bxc3 Na6 15. exd5 Nxc5 16. Qb4 Qxb4 17. axb4 Ne4 18. Rd4 Nxc3 19. Kd2 Na4 20. Bb5 Nb6 21. Rc1 Rd8 22. d6 Be6 23. Ne5 a5 24. bxa5 Rxa5 25. Rb1 Nc8 26. Nc4 Bxc4 27. Bxc4 Rxd6 28. Rxd6 Nxd6 29. Bd3 Kf8 30. Ke3 Ke7 31. h4 Kd7 32. g4 g5 33. hxg5 hxg5 34. f4 f6 35. fxg5 fxg5 36. Kd4 Kc7 37. Rc1+ Kb8 38. Rf1 b6 39. Bf5 Rc5 40. Bd3 Kc7 41. Rf6 Nb5+ 42. Ke4 Nc3+ 43. Kd4 Nd5 44. Rf7+ Kd6 45. Bf5 b5 46. Bd3 Nb4 47. Bxb5 Rxb5 48. Kc4 Ke6 49. Rf8 Rb7 50. Rf5 Nc6 51. Rxg5 Ne5+ 52. Kc3 Rc7+ 53. Kb3 Rc8 54. Rg7 Kf6 55. Rb7 Nxg4 {95 Zuege} 1/2-1/2

[Event "ChessOrg Schachfestival 2024 Bad Wörishofen"]
[White "Akash, G.."]
[Black "Zhao, Yuanhe"]
[Site "Bad Woerishofen"]
[Round "6.3"]
[Annotator "wempe"]
[Result "1/2-1/2"]
[Date "2024.03.13"]
[WhiteElo "2411"]
[BlackElo "2461"]
[PlyCount "61"]
[GameId "2118797391465049"]
[EventDate "2024.03.08"]

1. e4 c5 2. Nf3 Nc6 3. Bb5 d6 4. O-O Bd7 5. Re1 a6 6. Bf1 g6 7. c3 Bg7 8. h3 e5 9. d4 exd4 10. cxd4 cxd4 11. Nbd2 Be6 12. Nb3 Qb6 13. Bf4 Be5 14. Qd2 h6 15. Rec1 g5 16. Bxe5 dxe5 17. Nc5 Nf6 18. b4 Nd7 19. Nxe6 fxe6 20. Rab1 Ne7 21. a4 Qd6 22. b5 a5 23. b6 Nc6 24. Bb5 Kf7 25. Rb3 Nc5 26. Rbc3 Nxe4 27. Rxc6 bxc6 28. Qd3 Nc5 29. Qa3 Ne4 30. Qd3 Nc5 31. Qa3 1/2-1/2

[Event "ChessOrg Schachfestival 2024 Bad Wörishofen"]
[White "Senthil, Maran K"]
[Black "Harikrishnan.A.Ra"]
[Site "Bad Woerishofen"]
[Round "6.4"]
[Annotator "wempe"]
[Result "1/2-1/2"]
[Date "2024.03.13"]
[WhiteElo "2301"]
[BlackElo "2448"]
[PlyCount "88"]
[GameId "2118797391465050"]
[EventDate "2024.03.08"]

1. d4 d5 2. c4 c6 3. Nf3 Nf6 4. Qd3 dxc4 5. Qxc4 Bf5 6. g3 e6 7. Bg2 Be7 8. Nbd2 O-O 9. Nh4 b5 10. Qb3 Qxd4 11. Nxf5 exf5 12. O-O a5 13. a4 bxa4 14. Rxa4 Bb4 15. Nc4 Qc5 16. Be3 Qe7 17. Rfa1 Nd5 18. Bxd5 cxd5 19. Nb6 d4 20. Nxa8 dxe3 21. Qxe3 Qd6 22. Qd3 Qc6 23. Qf3 Qc5 24. Qe3 Qd6 25. Nb6 f4 26. gxf4 Qg6+ 27. Kf1 Qc6 28. f3 Bc5 29. Nd5 Bxe3 30. Ne7+ Kh8 31. Nxc6 Nxc6 32. Rc4 Nd4 33. Ra3 Nf5 34. Rxa5 g6 35. Rca4 Kg7 36. Ra8 Rxa8 37. Rxa8 Bxf4 38. h3 Ne3+ 39. Ke1 Be5 40. b3 Bc3+ 41. Kf2 Nd1+ 42. Kf1 Ne3+ 43. Kf2 Bd4 44. Ke1 Ng2+ 1/2-1/2

[Event "ChessOrg Schachfestival 2024 Bad Wörishofen"]
[White "A R, Ilamparthi"]
[Black "Milov, Leonid"]
[Site "Bad Woerishofen"]
[Round "6.5"]
[Annotator "wempe"]
[Result "1-0"]
[Date "2024.03.13"]
[WhiteElo "2426"]
[BlackElo "2415"]
[PlyCount "61"]
[GameId "2118797391465051"]
[EventDate "2024.03.08"]

1. e4 c5 2. Nf3 e6 3. d4 cxd4 4. Nxd4 Nc6 5. Nc3 Qc7 6. Be3 a6 7. g4 b5 8. Nxc6 Qxc6 9. Qd2 b4 10. Ne2 Qxe4 11. Rg1 Qc4 12. Ng3 Qc7 13. O-O-O Nf6 14. Bf4 d6 15. Qxb4 e5 16. g5 Ng4 17. Qe1 Be6 18. Bd2 Rc8 19. Bd3 d5 20. h3 e4 21. Nxe4 dxe4 22. Bxe4 Qc4 23. hxg4 Qxa2 24. Bc3 Qa1+ 25. Kd2 Qa4 26. Ra1 Rd8+ 27. Bd3 Qf4+ 28. Qe3 Bd6 29. Bxg7 Rg8 30. Bf6 Qb4+ 31. Ke2 1-0

[Event "ChessOrg Schachfestival 2024 Bad Wörishofen"]
[White "Arnold, Max"]
[Black "GB, Harshavardhan"]
[Site "Bad Woerishofen"]
[Round "6.6"]
[Annotator "wempe"]
[Result "0-1"]
[Date "2024.03.13"]
[WhiteElo "2290"]
[BlackElo "2392"]
[PlyCount "120"]
[GameId "2118797391465052"]
[EventDate "2024.03.08"]

1. e4 c5 2. Nf3 d6 3. d4 cxd4 4. Nxd4 Nf6 5. Nc3 Nc6 6. Bg5 e6 7. Qd2 a6 8. O-O-O Bd7 9. Kb1 Be7 10. Nxc6 Bxc6 11. f3 Qc7 12. h4 h6 13. Be3 h5 14. Bg5 O-O-O 15. Ne2 Rhe8 16. Nd4 d5 17. e5 Nd7 18. f4 Qb6 19. Bxe7 Rxe7 20. Rh3 Nc5 21. Be2 g6 22. g4 hxg4 23. Bxg4 Rc7 24. Qe3 Ba4 25. Qa3 Kb8 26. Ka1 Bb5 27. h5 gxh5 28. Bxh5 Ne4 29. Qe3 Ba4 30. Be2 Rg8 31. Bd3 Nc5 32. b3 Bb5 33. Nxb5 axb5 34. Kb1 b4 35. Rg1 Rgc8 36. Rg2 Ka7 37. Qd4 Rc6 38. f5 Nd7 39. Qxb6+ Kxb6 40. Re2 Nc5 41. f6 Rg8 42. Kb2 Rg4 43. a3 bxa3+ 44. Kxa3 Rc8 45. Rh7 Rf8 46. Reh2 Rg5 47. R2h5 Rxh5 48. Rxh5 Nxd3 49. cxd3 Kc5 50. b4+ Kd4 51. Ka4 Kxd3 52. Kb5 Rd8 53. Kb6 Rd7 54. Ka7 d4 55. Kb8 b5 56. Rh7 Ke4 57. Kc8 Rd5 58. Rxf7 Kxe5 59. Rf8 d3 60. f7 Kf6 0-1

[Event "ChessOrg Schachfestival 2024 Bad Wörishofen"]
[White "Leniart, Arkadiusz"]
[Black "Weitzer, Steffen"]
[Site "Bad Woerishofen"]
[Round "6.7"]
[Annotator "wempe"]
[Result "1-0"]
[Date "2024.03.13"]
[WhiteElo "2503"]
[BlackElo "2241"]
[PlyCount "65"]
[GameId "2118797391465053"]
[EventDate "2024.03.08"]

1. d4 c5 2. d5 e5 3. e4 d6 4. Ne2 g6 5. Nec3 Bg7 6. Nd2 Ne7 7. Bb5+ Nd7 8. Nc4 Qc7 9. f4 f6 10. fxe5 fxe5 11. Qg4 Rf8 12. Bg5 Kd8 13. Bxe7+ Kxe7 14. Qe6+ Kd8 15. Nxd6 Nf6 16. Nxc8 Rxc8 17. O-O a6 18. Be2 Qe7 19. Qh3 Kc7 20. a3 Rcd8 21. Rab1 h6 22. b4 Qd6 23. Qe3 Nd7 24. Na4 Rxf1+ 25. Bxf1 Bf8 26. bxc5 Nxc5 27. Rb6 Nxa4 28. Rxd6 Bxd6 29. Qxh6 Rf8 30. Bd3 Nc5 31. h4 Nxd3 32. cxd3 Bxa3 33. Qg7+ 1-0

[Event "ChessOrg Schachfestival 2024 Bad Wörishofen"]
[White "Kovchan, Alexander"]
[Black "Moeller, Dustin"]
[Site "Bad Woerishofen"]
[Round "6.8"]
[Annotator "wempe"]
[Result "1-0"]
[Date "2024.03.13"]
[WhiteElo "2477"]
[BlackElo "2205"]
[PlyCount "57"]
[GameId "2118797391465054"]
[EventDate "2024.03.08"]

1. e4 c5 2. Nf3 Nc6 3. d4 cxd4 4. Nxd4 Nf6 5. Nc3 e5 6. Ndb5 d6 7. Bg5 a6 8. Na3 b5 9. Nd5 Be7 10. Bxf6 Bxf6 11. c3 Rb8 12. Nc2 Bg5 13. a4 bxa4 14. Ncb4 Nxb4 15. Nxb4 Bd7 16. Bxa6 Qa5 17. Qxd6 Rb6 18. Qd3 Be7 19. Nd5 Rxb2 20. O-O Qc5 21. Rad1 a3 22. Nxe7 Qxe7 23. Qd5 Rb8 24. Rd2 Qe6 25. Qc5 Qe7 26. Qc7 Rd8 27. Rfd1 O-O 28. Rxd7 Rxd7 29. Rxd7 1-0

[Event "ChessOrg Schachfestival 2024 Bad Wörishofen"]
[White "Muthaiah, AL."]
[Black "Luebke, Florentin"]
[Site "Bad Woerishofen"]
[Round "6.9"]
[Annotator "wempe"]
[Result "1-0"]
[Date "2024.03.13"]
[WhiteElo "2454"]
[BlackElo "2187"]
[PlyCount "89"]
[GameId "2118797391465055"]
[EventDate "2024.03.08"]

1. c4 e5 2. Nc3 Nf6 3. Nf3 Nc6 4. e3 Bb4 5. Qc2 Bxc3 6. Qxc3 Qe7 7. a3 a5 8. d3 d5 9. cxd5 Nxd5 10. Qc2 O-O 11. b3 Bg4 12. Be2 Bh5 13. O-O Rfd8 14. Bb2 Bg6 15. Rfd1 Rd6 16. Nd2 Nb6 17. Ne4 Bxe4 18. dxe4 Rad8 19. Rxd6 Rxd6 20. Bc3 Qd8 21. b4 axb4 22. axb4 f6 23. b5 Ne7 24. Bb4 Rd7 25. Bg4 f5 26. exf5 Ned5 27. f6 Nxb4 28. Qb3+ Rf7 29. Be6 N4d5 30. e4 Qxf6 31. Bxf7+ Qxf7 32. Rd1 c6 33. bxc6 bxc6 34. exd5 Nxd5 35. Qb8+ Qf8 36. Qxe5 Qc8 37. Qd6 Qg4 38. Re1 Kf7 39. Qxc6 Nf4 40. Qe4 h5 41. g3 g5 42. Qe7+ Kg8 43. Qd8+ Kg7 44. Re7+ Kh6 45. Qf8+ 1-0

[Event "ChessOrg Schachfestival 2024 Bad Wörishofen"]
[White "Li, Di"]
[Black "GB, Harshavardhan"]
[Site "Bad Woerishofen"]
[Round "7.1"]
[Annotator "wempe"]
[Result "1/2-1/2"]
[Date "2024.03.14"]
[WhiteElo "2567"]
[BlackElo "2392"]
[PlyCount "118"]
[GameId "2118797391465057"]
[EventDate "2024.03.08"]

1. Nf3 Nf6 2. c4 e6 3. b3 b6 4. g3 Bb7 5. Bg2 Be7 6. Bb2 O-O 7. O-O d5 8. cxd5 Bxd5 9. Nc3 Bb7 10. d4 c5 11. dxc5 Bxc5 12. Qb1 Nbd7 13. a3 Rc8 14. e4 Ba6 15. e5 Bxf1 16. Qxf1 Ng4 17. Ne4 f5 18. exf6 Ndxf6 19. Nxc5 Rxc5 20. Nd4 Qc8 21. h3 e5 22. b4 Rc7 23. Ne2 Rc2 24. Rc1 Rxc1 25. Bxc1 Nh6 26. g4 Nf7 27. Ng3 Qc7 28. Be3 Rd8 29. Qa6 Qe7 30. Qb5 Qd7 31. Qa6 Nd6 32. g5 Nfe8 33. a4 Qf7 34. Bf1 Qb7 35. Qd3 Qd7 36. a5 b5 37. Qd5+ Kh8 38. Qxe5 Nc4 39. Qc5 Nc7 40. Qxa7 Nxe3 41. Qxe3 Nd5 42. Qe1 Qc6 43. Qe5 Nxb4 44. Bxb5 Qd6 45. Qc3 Nd5 46. Qa1 Qb4 47. Bd3 Qc3 48. Qxc3 Nxc3 49. Bc4 Rd4 50. Be6 Ra4 51. Kg2 g6 52. Bb3 Ra3 53. Be6 Ra4 54. Bb3 Rxa5 55. h4 Rb5 56. Be6 Rb2 57. Bg4 Rb4 58. Kf3 Nd5 59. Ne2 Rb3+ {nach 111 Zuegen} 1/2-1/2

[Event "ChessOrg Schachfestival 2024 Bad Wörishofen"]
[White "A R, Ilamparthi"]
[Black "Bharath, Subramaniyam H"]
[Site "Bad Woerishofen"]
[Round "7.2"]
[Annotator "wempe"]
[Result "0-1"]
[Date "2024.03.14"]
[WhiteElo "2426"]
[BlackElo "2530"]
[PlyCount "52"]
[GameId "2118797391465058"]
[EventDate "2024.03.08"]

1. e4 e6 2. d4 d5 3. Bd3 c5 4. exd5 exd5 5. Nf3 c4 6. Be2 Nf6 7. O-O Be7 8. b3 cxb3 9. axb3 O-O 10. c4 Nc6 11. Bb2 Bg4 12. h3 Bh5 13. g4 Bg6 14. Nc3 Bb4 15. Nxd5 Nxd5 16. cxd5 Ne7 17. Ne5 Be4 18. Rc1 Bxd5 19. Bd3 Ng6 20. f4 Nxe5 21. dxe5 Bc6 22. Kh2 Qd5 23. Qc2 Rad8 24. Rcd1 Kh8 25. Be2 Bd2 26. Kg3 Qg2+ 0-1

[Event "ChessOrg Schachfestival 2024 Bad Wörishofen"]
[White "Harikrishnan.A.Ra"]
[Black "Kunin, Vitaly"]
[Site "Bad Woerishofen"]
[Round "7.3"]
[Annotator "wempe"]
[Result "0-1"]
[Date "2024.03.14"]
[WhiteElo "2448"]
[BlackElo "2521"]
[PlyCount "112"]
[GameId "2118797391465059"]
[EventDate "2024.03.08"]

1. Nf3 Nf6 2. g3 b5 3. Bg2 Bb7 4. Na3 a6 5. c4 b4 6. Nc2 a5 7. O-O g6 8. b3 Bg7 9. Bb2 O-O 10. a3 c5 11. d4 Ne4 12. axb4 cxb4 13. Ng5 d5 14. Nxe4 dxe4 15. Ra2 Nd7 16. Qd2 f5 17. Rfa1 e6 18. f3 h5 19. d5 exf3 20. Bxg7 Kxg7 21. Bxf3 e5 22. Qe3 f4 23. gxf4 Rxf4 24. c5 Qg5+ 25. Kh1 e4 26. Rg1 Qxd5 27. Bg2 Rf6 28. c6 Bxc6 29. Nd4 Ne5 30. h3 Ng4 31. hxg4 hxg4 32. Rf1 Rxf1+ 33. Bxf1 Rh8+ 34. Kg1 Qe5 35. Bg2 Bd7 36. Qxe4 Qh2+ 37. Kf1 Re8 38. Nf5+ Kh7 39. Ne7 Bf5 40. Qe3 Qd6 41. Rxa5 Rxe7 42. Ra7 Bd7 43. Be4 Qf6+ 44. Kg1 g3 45. Kg2 Qh4 46. Bxg6+ Kg7 47. Rxd7 Rxd7 48. Bf5 Re7 49. Qxg3+ Qxg3+ 50. Kxg3 Rxe2 51. Kf4 Kf6 52. Bd3 Re1 53. Bc4 Ke7 54. Kf3 Kd6 55. Be2 Kd5 56. Ke3 Rxe2+ 0-1

[Event "ChessOrg Schachfestival 2024 Bad Wörishofen"]
[White "Xiang, Zeyu"]
[Black "Leniart, Arkadiusz"]
[Site "Bad Woerishofen"]
[Round "7.4"]
[Annotator "wempe"]
[Result "1/2-1/2"]
[Date "2024.03.14"]
[WhiteElo "2418"]
[BlackElo "2503"]
[PlyCount "132"]
[GameId "2118797391465060"]
[EventDate "2024.03.08"]

1. d4 d5 2. c4 e6 3. Nc3 Nf6 4. Nf3 Nbd7 5. Bg5 c6 6. e3 Qa5 7. Nd2 dxc4 8. Bxf6 Nxf6 9. Nxc4 Qc7 10. g3 b5 11. Nd2 Bb7 12. Bg2 a6 13. a4 c5 14. Bxb7 Qxb7 15. Qf3 Qxf3 16. Nxf3 cxd4 17. Nxd4 b4 18. Nce2 Rc8 19. Rc1 Rxc1+ 20. Nxc1 Kd7 21. Ke2 Bd6 22. Rd1 Rc8 23. Nd3 g6 24. f3 e5 25. Nb3 Ke6 26. e4 Nd7 27. Kd2 f5 28. Rc1 Rxc1 29. Kxc1 Nb6 30. Na5 Nxa4 31. Kc2 fxe4 32. fxe4 Nc5 33. Nxc5+ Bxc5 34. Kd3 h5 35. Kc4 Bd4 36. b3 g5 37. Nc6 Bg1 38. h3 g4 39. hxg4 hxg4 40. Nxb4 Bf2 41. Nd5 Kf7 42. Kd3 Ke6 43. Ke2 Bxg3 44. Ne3 Kd6 45. Nf5+ Kc5 46. Nxg3 Kb4 47. Nf1 Kxb3 48. Kd3 Kb4 49. Ne3 g3 50. Nd5+ Kc5 51. Ke3 a5 52. Kf3 a4 53. Kxg3 a3 54. Nc3 Kc4 55. Na2 Kb3 56. Nc1+ Kb2 57. Nd3+ Kc3 58. Nc1 Kd2 59. Na2 Ke3 60. Nb4 Kxe4 61. Kf2 Kf4 62. Nd5+ Kf5 63. Nc3 e4 64. Ke3 Ke5 65. Na2 Kd5 66. Nc1 Kc4 1/2-1/2

[Event "ChessOrg Schachfestival 2024 Bad Wörishofen"]
[White "Akash, G.."]
[Black "Kovchan, Alexander"]
[Site "Bad Woerishofen"]
[Round "7.5"]
[Annotator "wempe"]
[Result "1-0"]
[Date "2024.03.14"]
[WhiteElo "2411"]
[BlackElo "2477"]
[PlyCount "53"]
[GameId "2118797391465061"]
[EventDate "2024.03.08"]

1. e4 c5 2. Nf3 d6 3. d4 cxd4 4. Nxd4 Nf6 5. Nc3 a6 6. h3 e5 7. Nf3 Be7 8. g4 Qa5 9. Nd2 Qd8 10. g5 Ng8 11. h4 h6 12. Nd5 hxg5 13. Nc4 gxh4 14. Be3 Nd7 15. Nxe7 Qxe7 16. Nxd6+ Kf8 17. Qd2 Nh6 18. Bh3 f5 19. Bxh6 gxh6 20. Bxf5 Nb6 21. Nxc8 Nxc8 22. O-O-O Qg5 23. f4 Qf6 24. Qb4+ Ne7 25. Rd6 Qg7 26. Rg6 Qf7 27. Qd6 1-0

[Event "ChessOrg Schachfestival 2024 Bad Wörishofen"]
[White "Zhao, Yuanhe"]
[Black "Senthil, Maran K"]
[Site "Bad Woerishofen"]
[Round "7.6"]
[Result "1-0"]
[Date "2024.03.14"]
[WhiteElo "2461"]
[BlackElo "2301"]
[PlyCount "85"]
[GameId "2118797391465062"]
[EventDate "2024.03.08"]

1. c4 e6 2. Nf3 d5 3. e3 Nf6 4. Nc3 Bd6 5. Qc2 O-O 6. b3 c6 7. Bb2 e5 8. Be2 e4 9. Nd4 a6 10. g4 Nxg4 11. Bxg4 Bxg4 12. Rg1 Qh4 13. Nxe4 Be5 14. cxd5 Bh5 15. Ng3 Bxd4 16. Bxd4 Bg6 17. Nf5 Qh5 18. Nxg7 Qxd5 19. Nf5 Re8 20. h4 h5 21. Rg5 Kh7 22. O-O-O c5 23. Bc3 Nc6 24. Rdg1 Ne5 25. f4 Ng4 26. Rxh5+ Bxh5 27. Ne7+ Bg6 28. Nxd5 Bxc2 29. Rxg4 Be4 30. Nf6+ Kh6 31. Rg5 Bf3 32. Nxe8 Rxe8 33. Rxc5 Rg8 34. Rf5 Rg1+ 35. Kb2 Bh5 36. Rg5 Rxg5 37. hxg5+ Kg6 38. Be5 Kf5 39. d3 Be2 40. Kc3 Ke6 41. e4 b5 42. b4 Bd1 43. d4 1-0